000 00496nam a2200169 i 4500
001 93933
003 ES-MaACL
005 20230906181340.0
007 t|
008 050422s1940 sp ||||1| spa d
100 1 _aLópez Prieto, Ramón.
_973901
245 1 0 _aComo funciona nuestro sistema nervioso /
_cpor el Dr. Ramón López Prieto.
260 _aValladolid :
_bCuesta,
_c1940.
300 _a98 p. ;
_c26 cm.
650 0 4 _aNeurofisiología.
_915528
852 _aES-MaACL
_j1830-F-18
_bR.18860
999 _c93933
_d93933